000 00276nam a2200109Ia 4500
008 220204s9999 xx 000 0 und d
082 _a025.3
_bKRI
100 _aKrishan Kumar
245 0 _aIntroduction to cataloguing practice
260 _aNew Delhi
_bVikas
_c1983
942 _cBK
999 _c37366
_d37366